000 00407nam a2200145Ia 4500
008 230917s9999||||xx |||||||||||||| ||und||
040 _e63903
_aMAIN
041 _aEnglish
082 _a382.1 C617T
100 _aCline, William R
245 0 _aTrade negotiations in the Tokyo round: a quantetative assessment
260 _aWashington
_bBrookings Institution
_c1978
300 _axiv, 314 p.
942 _cBK
999 _c198224
_d198224